Memory and Identity in the Syriac Cave of Treasures : Rewriting the Bible in Sasanian Iran /
In Memory and Identity in the Syriac Cave of Treasures: Rewriting the Bible in Sasanian Iran Sergey Minov examines literary and socio-cultural aspects of the Syriac pseudepigraphic composition known as the Cave of Treasures , which offers a peculiar version of the Christian history of salvation. The...
المؤلف الرئيسي:
التنسيق: كتاب الكتروني
اللغة: English
منشور في:
Leiden; Boston :
BRILL,
2021.
سلاسل:
Jerusalem Studies in Religion and Culture ;
26.
Religious Studies, Theology and Philosophy E-Books Online, Collection 2021, ISBN: 9789004441309.
الموضوعات:
الوصول للمادة أونلاين: Login to view Source
الوسوم: إضافة وسم
رقم الطلب: BX176.3
| LEADER | 02843nam a22004691i 4500 | ||
|---|---|---|---|
| 001 | BRILL9789004445512 | ||
| 003 | nllekb | ||
| 005 | 20210602095438.0 | ||
| 006 | m d | ||
| 007 | cr un uuuua | ||
| 008 | 201201s2021 ne sb 001 0 eng d | ||
| 020 | |a 9789004445512 |q (electronic book) | ||
| 020 | |a 9789004445505 |q (print) | ||
| 024 | 7 | |a 10.1163/9789004445512 |2 DOI | |
| 035 | |z (OCoLC)1198558546 | ||
| 040 | |a NL-LeKB |c NL-LeKB |e rda | ||
| 050 | 4 | |a BX176.3 | |
| 072 | 7 | |a HRAX |2 bicssc | |
| 072 | 7 | |a REL |x 033000 |2 bisacsh | |
| 082 | 0 | 4 | |a 229/.92 |2 23 |
| 100 | 1 | |a Minov, Sergey, |e author. | |
| 245 | 1 | 0 | |a Memory and Identity in the Syriac Cave of Treasures : |b Rewriting the Bible in Sasanian Iran / |c Sergey Minov. |
| 246 | 3 | |a Rewriting the Bible in Sasanian Iran | |
| 264 | 1 | |a Leiden; |a Boston : |b BRILL, |c 2021. | |
| 300 | |a 1 online resource. | ||
| 336 | |a text |b txt |2 rdacontent | ||
| 337 | |a computer |b c |2 rdamedia | ||
| 338 | |a online resource |2 rdacarrier | ||
| 490 | 1 | |a Jerusalem Studies in Religion and Culture ; |v 26 | |
| 490 | 1 | |a Religious Studies, Theology and Philosophy E-Books Online, Collection 2021, ISBN: 9789004441309 | |
| 504 | |a Includes bibliographical references and index. | ||
| 520 | |a In Memory and Identity in the Syriac Cave of Treasures: Rewriting the Bible in Sasanian Iran Sergey Minov examines literary and socio-cultural aspects of the Syriac pseudepigraphic composition known as the Cave of Treasures , which offers a peculiar version of the Christian history of salvation. The book fills a lacuna in the history of Syriac Christian literary creativity by contextualising this unique work within the cultural and religious situation of Sasanian Mesopotamia towards the end of Late Antiquity. The author analyses the Cave 's content and message from the perspective of identity theory and memory studies, while discussing its author's emphatically polemical stand vis-à-vis Judaism, the ambivalent way in which he deals with Iranian culture, and the promotion in this work of a distinctively Syriac-oriented vision of the biblical past. | ||
| 588 | |a Description based on print version record. | ||
| 650 | 0 | |a Christian literature, Early |z Syriac authors |x History and criticism. | |
| 650 | 0 | |a Syriac literature |x History and criticism. | |
| 776 | 0 | 8 | |i Print version: |t Memory and Identity in the Syriac Cave of Treasures : Rewriting the Bible in Sasanian Iran, |d Leiden ; Boston : BRILL, 2021 |z 9789004445505 |
| 830 | 0 | |a Jerusalem Studies in Religion and Culture ; |v 26. | |
| 830 | 0 | |a Religious Studies, Theology and Philosophy E-Books Online, Collection 2021, ISBN: 9789004441309. | |
| 856 | 4 | |z DOI: |u http://dx.doi.org/10.1163/9789004445512 | |
| 942 | |c EBOOK | ||
| 952 | |0 0 |1 0 |4 0 |7 1 |9 13371 |a BRILL |b BRILL |d 2021-06-02 |l 0 |r 2021-06-02 00:00:00 |w 2021-06-02 |y EBOOK | ||
| 999 | |c 34824 |d 34824 | ||
